00370pab a2200133 454500008004000000100001700040245004100057260000900098300001600107362001000123650004100133650002800174773003400202180718b2003 xxu||||| |||| 00| 0 eng d aAhmad, Irfan aIndia-Pakistan: friendship as enmity c2003 ap.3231-233. a2 Aug aIndia - Foreign relations - Pakistan aInternational relations aEconomic and Political Weekly